| 000 | 00355nam a22001457a 4500 | ||
|---|---|---|---|
| 003 | macl | ||
| 005 | 20180412154349.0 | ||
| 008 | 180412b xxu||||| |||| 00| 0 eng d | ||
| 040 | _cmacl | ||
| 100 |
_aVandana Kumari Jena _972010 |
||
| 245 | _aThe Incubation Chamber | ||
| 260 |
_aNew Delhi _bLife pub. _c2014 |
||
| 650 |
_aStories _972011 |
||
| 942 |
_2ddc _cBK |
||
| 999 |
_c57711 _d57711 |
||